Statistiken für Filme erraten

Klicken Sie hier um das Quiz zu spielen!

Allgemein

  • Dieses Quiz wurde 3.035 mal gespielt
  • Das Durchschnittsergebnis liegt bei 7 aus 12

Antwortstatistiken

TippAntwort% Korrekt
Ein Pirat will sich sein Schiff zurückholen, welches er an seine Meuternde Mannschaft verloren hat. „Ihr werdet den Tag nie vergessen an dem ihr Captain Jack Sparrow beinahe geschnappt hättet“Fluch der Karibik
90%
Welt voll mit AutosCars
87%
Fremder Planet voll mit Affen / ein neuartiges Virus macht Affen intelligentPlanet der Affen
87%
In einer weit weit entfernten Galaxis wird ein sehr mächtigere Junge gefundenStar Wars Die dunkle Bedrohung
79%
Wissenschaftler erschaffen Tiere aus einer anderen ZeitJurassic Park
78%
Monster generieren Energie übers erschrecken von KindernMonster AG
75%
Die Erde ist komplett verschmutzt und wird nun von Robotern aufgeräumt, die Menschen leben im All auf einem RaumschiffWall-E
71%
Eine Organisation sorgt für die Sicherheit der Erde und versteckt Aliens vor den MenschenMen in Black
52%
Entführte Prinzessin, welche zu Lichtern willRapunzel- Neu Verföhnt
45%
Ein ehemaliger römischer Feldherr der auf Rache sindGladiator
40%
Ein Junge macht sich auf um einen Schatz eines Piraten zu findenDer Schatzplanet
12%
Ein junger Wissenschaftler versucht die versinkende Stadt zu finden und folgt dabei den Spuren seines GroßvatersAtlantis Das Geheimnis der verlorenen Stadt
2%

Verteilung der Resultate

Perzentil nach korrekt beantworteten Fragen

Anzahl Personen mit jedem Resultat

Ihre Resultats-Entwicklung

Sie haben dieses Quiz noch nicht gespielt